000 00358pab a2200145 454500
008 180718b2005 xxu||||| |||| 00| 0 eng d
100 _aRamanathan, Usha
245 _aStatute law, injury and compensation
260 _c2005
300 _ap.158-98.
362 _aApr-Jun
650 _aLaw
773 _aJournal of the Indian Law Institute
909 _a66769
999 _c66769
_d66769